000 00384nam a2200157Ia 4500
008 210716s2011 xx 000 0 und d
020 _a9788130917603
041 _aeng
082 _a658.3 RILP
100 _aRiley, Pippa.
245 _aHuman resource management.
250 _a1
260 _aNew Delhi
_bViva Books
_c2011
300 _a384
650 _aHuman Resource Management
999 _c207733
_d207733